<?xml version="1.0" encoding="UTF-8"?><?xml-stylesheet type="text/xsl" href="static/style.xsl"?><OAI-PMH xmlns="http://www.openarchives.org/OAI/2.0/" xmlns:xsi="http://www.w3.org/2001/XMLSchema-instance" xsi:schemaLocation="http://www.openarchives.org/OAI/2.0/ http://www.openarchives.org/OAI/2.0/OAI-PMH.xsd"><responseDate>2026-04-13T00:07:37Z</responseDate><request verb="GetRecord" identifier="oai:www.recercat.cat:10230/60778" metadataPrefix="marc">https://recercat.cat/oai/request</request><GetRecord><record><header><identifier>oai:recercat.cat:10230/60778</identifier><datestamp>2025-12-12T03:05:25Z</datestamp><setSpec>com_2072_6</setSpec><setSpec>col_2072_452952</setSpec></header><metadata><record xmlns="http://www.loc.gov/MARC21/slim" xmlns:dcterms="http://purl.org/dc/terms/" xmlns:xsi="http://www.w3.org/2001/XMLSchema-instance" xmlns:doc="http://www.lyncode.com/xoai" xsi:schemaLocation="http://www.loc.gov/MARC21/slim http://www.loc.gov/standards/marcxml/schema/MARC21slim.xsd">
   <leader>00925njm 22002777a 4500</leader>
   <datafield ind2=" " ind1=" " tag="042">
      <subfield code="a">dc</subfield>
   </datafield>
   <datafield ind2=" " ind1=" " tag="720">
      <subfield code="a">Farré, Xavier</subfield>
      <subfield code="e">author</subfield>
   </datafield>
   <datafield ind2=" " ind1=" " tag="720">
      <subfield code="a">Blay, Natalia</subfield>
      <subfield code="e">author</subfield>
   </datafield>
   <datafield ind2=" " ind1=" " tag="720">
      <subfield code="a">Espinosa, Ana</subfield>
      <subfield code="e">author</subfield>
   </datafield>
   <datafield ind2=" " ind1=" " tag="720">
      <subfield code="a">Castaño Vinyals, Gemma</subfield>
      <subfield code="e">author</subfield>
   </datafield>
   <datafield ind2=" " ind1=" " tag="720">
      <subfield code="a">Carreras, Anna</subfield>
      <subfield code="e">author</subfield>
   </datafield>
   <datafield ind2=" " ind1=" " tag="720">
      <subfield code="a">García Aymerich, Judith</subfield>
      <subfield code="e">author</subfield>
   </datafield>
   <datafield ind2=" " ind1=" " tag="720">
      <subfield code="a">Cardis, Elisabeth</subfield>
      <subfield code="e">author</subfield>
   </datafield>
   <datafield ind2=" " ind1=" " tag="720">
      <subfield code="a">Kogevinas, Manolis</subfield>
      <subfield code="e">author</subfield>
   </datafield>
   <datafield ind2=" " ind1=" " tag="720">
      <subfield code="a">Goldberg, Ximena</subfield>
      <subfield code="e">author</subfield>
   </datafield>
   <datafield ind2=" " ind1=" " tag="720">
      <subfield code="a">Cid Ibeas, Rafael de</subfield>
      <subfield code="e">author</subfield>
   </datafield>
   <datafield ind2=" " ind1=" " tag="260">
      <subfield code="c">2024-07-18T06:56:32Z</subfield>
   </datafield>
   <datafield ind2=" " ind1=" " tag="260">
      <subfield code="c">2024-07-18T06:56:32Z</subfield>
   </datafield>
   <datafield ind2=" " ind1=" " tag="260">
      <subfield code="c">2024</subfield>
   </datafield>
   <datafield ind2=" " ind1=" " tag="520">
      <subfield code="a">Risk of depression increased in the general population after the COVID-19 pandemic outbreak. By examining the interplay between genetics and individual environmental exposures during the COVID-19 lockdown, we have been able to gain an insight as to why some individuals are more vulnerable to depression, while others are more resilient. This study, conducted on a Spanish cohort of 9218 individuals (COVICAT), includes a comprehensive non-genetic risk analysis, the exposome, complemented by a genomics analysis in a subset of 2442 participants. Depression levels were evaluated using the Hospital Anxiety and Depression Scale. Together with Polygenic Risk Scores (PRS), we introduced a novel score; Poly-Environmental Risk Scores (PERS) for non-genetic risks to estimate the effect of each cumulative score and gene-environment interaction. We found significant positive associations for PERSSoc (Social and Household), PERSLife (Lifestyle and Behaviour), and PERSEnv (Wider Environment and Health) scores across all levels of depression severity, and for PRSB (Broad depression) only for moderate depression (OR 1.2, 95% CI 1.03-1.40). On average OR increased 1.2-fold for PERSEnv and 1.6-fold for PERLife and PERSoc from mild to severe depression level. The complete adjusted model explained 16.9% of the variance. We further observed an interaction between PERSEnv and PRSB showing a potential mitigating effect. In summary, stressors within the social and behavioral domains emerged as the primary drivers of depression risk in this population, unveiling a mitigating interaction effect that should be interpreted with caution.</subfield>
   </datafield>
   <datafield ind2=" " ind1=" " tag="520">
      <subfield code="a">This study was conducted in the framework of the support “Incentius a l’Avaluació de Centres CERCA (in_CERCA)”, according to the resolution on 20th Dec 2019 from the president of the Executive Board of the AGAUR. ISGlobal acknowledges support from the Spanish Ministry of Science and Innovation through the “Centro de Excelencia Severo Ochoa 2019–2023” Program (CEX2018-000806-S), and support from the Generalitat de Catalunya through the CERCA Program. This study makes use of data generated by the GCAT-Genomes for Life. Cohort study of the Genomes of Catalonia Germans Trias i Pujol Research Institute (IGTP). IGTP is part of the CERCA Program/Generalitat de Catalunya. GCAT is supported by Acción de Dinamización del ISCIII-MINECO and the Ministry of Health of the Generalitat of Catalunya (ADE 10/00026); the Agència de Gestió d’Ajuts Universitaris i de Recerca (AGAUR) (2021 SGR 01537 (SGR-GRIMtra)). A full list of the investigators who contributed to the generation of the GCAT data is available from www.genomesforlife.com.</subfield>
   </datafield>
   <datafield tag="653" ind2=" " ind1=" ">
      <subfield code="a">Genetics</subfield>
   </datafield>
   <datafield tag="653" ind2=" " ind1=" ">
      <subfield code="a">Psychology</subfield>
   </datafield>
   <datafield tag="653" ind2=" " ind1=" ">
      <subfield code="a">Viral infection</subfield>
   </datafield>
   <datafield ind2="0" ind1="0" tag="245">
      <subfield code="a">Decoding depression by exploring the exposome-genome edge amidst COVID-19 lockdown</subfield>
   </datafield>
</record></metadata></record></GetRecord></OAI-PMH>